000
00271nam a2200109Ia 4500
005
20251222154314.0
008
251222s9999||||xx |||||||||||||| ||spa||
082
_a
868.6/C46A
100
_a
"Cela, Camilo José"
245
0
_a
Café de artistas y otros cuentos
942
_c
LIB
999
_c
33500
_d
33500